Statistics for Most Common Pet Fish

Click here to take the quiz!

General Stats

  • This quiz has been taken 66 times
  • The average score is 2 of 11

Answer Stats

#Answer% Correct
2Goldfish
100%
6Angel Fish
39%
11Neon Tetra
39%
1Betta Fish
21%
8Molly
14%
5Siamese Fighting Fish
11%
3Achilles Tang
2%
7Common Goldfish
2%
4Fantail Goldfish
2%
10Glow Light Tetra
2%
9Red Platy
0%

Score Distribution

Percentile by Number Answered

Percent of People with Each Score

Your Score History

You have not taken this quiz